[Event "Sitges op"]
[Site "Sitges"]
[Date "1996.??.??"]
[Round "5"]
[White "Rainieri, A."]
[Black "Kaeding, Rainer"]
[Result "1/2-1/2"]
[WhiteElo "2220"]
[BlackElo "2225"]
[PlyCount "77"]
[EventDate "1996.??.??"]
[EventType "swiss"]
[EventRounds "9"]
[EventCountry "ESP"]
[SourceTitle "EXT 1999"]
[Source "ChessBase"]
[SourceDate "1998.11.16"]
[SourceVersion "1"]
[SourceVersionDate "1998.11.16"]
[SourceQuality "1"]

1. d4 d5 2. c4 e6 3. Nc3 c6 4. e4 dxe4 5. Nxe4 Bb4+ 6. Bd2 Qxd4 7. Bxb4 Qxe4+ 8. Be2 Nd7 9. Nf3 c5 10. Bc3 Ne7 11. 0-0 0-0 12. Re1 Ng6 13. Bd3 Qc6 14. Ng5 Re8 15. Be4 Qc7 16. h4 Nf6 17. Bc2 Rd8 18. Qe2 Qf4 19. Rad1 Bd7 20. Ne4 Nxe4 21. Bxe4 Bc6 22. Bxc6 bxc6 23. h5 Ne7 24. Be5 Qh4 25. Bd6 Nf5 26. Bxc5 Nh6 27. Rxd8+ Rxd8 28. Rd1 Rxd1+ 29. Qxd1 Ng4 30. Qd6 h6 31. Bxa7 e5 32. Qxc6 Qxh5 33. g3 f5 34. Qg2 e4 35. Bd4 Nh2 36. Qxh2 Qd1+ 37. Kg2 Qf3+ 38. Kg1 Qd1+ 39. Kg2 1/2-1/2